000 00404nam a2200145 a 4500
001 000009323
005 20200929161544.0
008 090929s1984 dr 000 0 spa d
040 _aDO-SdBNP
_bspa
_cBNPHU
082 _axxx
_bxxxx
245 1 0 _aEl hombre....... Antonio Rosario :
_bun ganador, un vencedor.
260 _aSanto Domingo :
_bAlfa y Omega,
_c1984.
300 _a35 p. ;
_c23 cm.
049 _aBNPD
999 _c9083
_d9083